[Event "GER-ch U25-B"]
[Site "Willingen"]
[Date "2018.05.23"]
[Round "6"]
[White "Weber, Tomas"]
[Black "Thumm, Niklas"]
[Result "0-1"]
[WhiteElo "1433"]
[BlackElo "1661"]
[PlyCount "44"]
[EventDate "2018.05.19"]
[EventType "swiss"]
[EventRounds "9"]
[EventCountry "GER"]
[SourceTitle "CBM 184 Extra"]
[Source "ChessBase"]
[SourceDate "2018.06.28"]
[SourceVersion "1"]
[SourceVersionDate "2018.06.28"]
[SourceQuality "1"]

1. e4 e5 2. Nf3 Nc6 3. d4 exd4 4. Bc4 Bc5 5. 0-0 d6 6. Re1 Bg4 7. Bxf7+ Kxf7 8. Ng5+ Qxg5 9. Bxg5 Bxd1 10. Rxd1 h6 11. Bf4 g5 12. Bg3 Nf6 13. Nd2 Rhe8 14. Re1 Bb4 15. Rad1 Bxd2 16. Rxd2 Nxe4 17. Rde2 Nxg3 18. fxg3 Rxe2 19. Rxe2 Re8 20. Rxe8 Kxe8 21. a3 Ne5 22. b3 d3 0-1

[Event "GER-ch U25-B"]
[Site "Willingen"]
[Date "2018.05.20"]
[Round "2"]
[White "Pauls, Fynn"]
[Black "Thumm, Niklas"]
[Result "1-0"]
[WhiteElo "1813"]
[BlackElo "1661"]
[PlyCount "35"]
[EventDate "2018.05.19"]
[EventType "swiss"]
[EventRounds "9"]
[EventCountry "GER"]
[SourceTitle "CBM 184 Extra"]
[Source "ChessBase"]
[SourceDate "2018.06.28"]
[SourceVersion "1"]
[SourceVersionDate "2018.06.28"]
[SourceQuality "1"]

1. Nf3 Nf6 2. g3 Nc6 3. d4 d5 4. Bg2 Bf5 5. c4 dxc4 6. Qa4 Qd5 7. 0-0 Bd7 8. Nc3 Nxd4 9. Nxd5 Nxe2+ 10. Kh1 Bxa4 11. Nxc7+ Kd8 12. Nxa8 c3 13. bxc3 Kc8 14. Ne5 Nxc1 15. Raxc1 Bb5 16. Rfd1 e6 17. Nxf7 Rg8 18. Rd8# 1-0

[Event "GER-ch U25-A"]
[Site "Willingen"]
[Date "2017.06.08"]
[Round "7"]
[White "Jenner, Meikel"]
[Black "Thumm, Niklas"]
[Result "0-1"]
[WhiteElo "1464"]
[BlackElo "1688"]
[PlyCount "60"]
[EventDate "2017.06.04"]
[EventType "swiss"]
[EventRounds "9"]
[EventCountry "GER"]
[SourceTitle "CBM 178 Extra"]
[Source "ChessBase"]
[SourceDate "2017.06.22"]
[SourceVersion "1"]
[SourceVersionDate "2017.06.22"]
[SourceQuality "1"]

1. e4 e5 2. Nc3 Bc5 3. Nf3 Nc6 4. Bc4 d6 5. Na4 Bb6 6. Nxb6 axb6 7. 0-0 Bg4 8. c3 Nf6 9. d3 Qd7 10. h3 Bh5 11. Bg5 h6 12. Bh4 Rg8 13. Qe2 g5 14. Bg3 g4 15. hxg4 Bxg4 16. Qe3 Nh5 17. Nh2 0-0-0 18. Bb3 Rg6 19. Nxg4 Rxg4 20. Bd1 Rg5 21. Bh4 Nf4 22. Bxg5 hxg5 23. Qg3 Rh8 24. Bg4 f5 25. exf5 Qh7 26. Qh3 Nxh3+ 27. gxh3 Nd8 28. f3 Nf7 29. Rf2 Nh6 30. Rh2 Nxf5 0-1

[Event "GER-ch U25-A"]
[Site "Willingen"]
[Date "2017.06.06"]
[Round "5"]
[White "Goettel, Tobias"]
[Black "Thumm, Niklas"]
[Result "1/2-1/2"]
[WhiteElo "1953"]
[BlackElo "1688"]
[PlyCount "53"]
[EventDate "2017.06.04"]
[EventType "swiss"]
[EventRounds "9"]
[EventCountry "GER"]
[SourceTitle "CBM 178 Extra"]
[Source "ChessBase"]
[SourceDate "2017.06.22"]
[SourceVersion "1"]
[SourceVersionDate "2017.06.22"]
[SourceQuality "1"]

1. e4 e5 2. Nf3 Nc6 3. Bb5 Nf6 4. d3 Bc5 5. 0-0 d6 6. h3 Bd7 7. c3 0-0 8. Bg5 h6 9. Bh4 Ne7 10. Bxd7 Nxd7 11. d4 Bb6 12. dxe5 dxe5 13. Nxe5 Nxe5 14. Qxd8 Rfxd8 15. Bxe7 Re8 16. Ba3 Nc4 17. b3 Nxa3 18. Nxa3 Rxe4 19. Rfe1 Rxe1+ 20. Rxe1 Rd8 21. Nc4 Bc5 22. b4 Bf8 23. Na5 Rd3 24. Nxb7 Rxc3 25. Re8 g6 26. a4 Rc4 27. Ra8 1/2-1/2

[Event "GER-ch U25-A"]
[Site "Willingen"]
[Date "2016.05.21"]
[Round "9"]
[White "Thumm, Niklas"]
[Black "Riegel, Arinna"]
[Result "1-0"]
[WhiteElo "1788"]
[BlackElo "1695"]
[PlyCount "39"]
[EventDate "2016.05.15"]
[EventType "swiss"]
[EventRounds "9"]
[EventCountry "GER"]
[SourceTitle "CBM 172 Extra"]
[Source "ChessBase"]
[SourceDate "2016.06.21"]
[SourceVersion "1"]
[SourceVersionDate "2016.06.21"]
[SourceQuality "1"]

1. e4 d5 2. exd5 Qxd5 3. Nc3 Qd6 4. d4 Nf6 5. Nf3 c6 6. Ne5 Nbd7 7. f4 Qc7 8. Bc4 e6 9. g4 Nd5 10. g5 Bb4 11. Bd2 Bxc3 12. bxc3 b5 13. Bb3 Bb7 14. Rf1 Ne7 15. Qe2 a5 16. a3 Nf5 17. Nxf7 Nf8 18. Nxh8 Qd6 19. Qe5 Qd7 20. 0-0-0 1-0

[Event "GER-ch U25-A"]
[Site "Willingen"]
[Date "2016.05.15"]
[Round "1"]
[White "Wenninger, Philipp"]
[Black "Thumm, Niklas"]
[Result "1-0"]
[WhiteElo "2352"]
[BlackElo "1788"]
[PlyCount "69"]
[EventDate "2016.05.15"]
[EventType "swiss"]
[EventRounds "9"]
[EventCountry "GER"]
[SourceTitle "CBM 172 Extra"]
[Source "ChessBase"]
[SourceDate "2016.06.21"]
[SourceVersion "1"]
[SourceVersionDate "2016.06.21"]
[SourceQuality "1"]

1. d4 Nf6 2. e3 c5 3. c3 e6 4. Bd3 b6 5. e4 Bb7 6. Nd2 Be7 7. Ngf3 0-0 8. 0-0 Nc6 9. a3 Qc7 10. Bb1 Rac8 11. Qc2 cxd4 12. cxd4 e5 13. d5 Na5 14. Qxc7 Rxc7 15. Nxe5 Ba6 16. Re1 Rfc8 17. Bd3 Bxd3 18. Nxd3 h6 19. d6 Bxd6 20. e5 Bxa3 21. exf6 Bd6 22. fxg7 Kxg7 23. b4 Nc6 24. b5 Nd4 25. Bb2 Bc5 26. Nxc5 bxc5 27. Nb3 Kg6 28. Bxd4 cxd4 29. Nxd4 d5 30. Ra6+ Kg7 31. Rc6 Rxc6 32. Nxc6 Rc7 33. Ra1 Kg8 34. Rxa7 Rc8 35. Ne7+ 1-0

[Event "Rheinland Pfalz op 7th"]
[Site "Frankenthal"]
[Date "2015.06.06"]
[Round "4"]
[White "Thumm, Niklas"]
[Black "Kopf, Rainer"]
[Result "1-0"]
[WhiteElo "1587"]
[BlackElo "1952"]
[PlyCount "85"]
[EventDate "2015.06.04"]
[EventType "swiss"]
[EventRounds "7"]
[EventCountry "GER"]
[SourceTitle "EXT 2017"]
[Source "ChessBase"]
[SourceDate "2016.10.25"]
[SourceVersion "1"]
[SourceVersionDate "2016.10.25"]
[SourceQuality "1"]

1. e4 c6 2. Nf3 d5 3. Nc3 dxe4 4. Nxe4 Bf5 5. Ng3 Bg6 6. h4 h6 7. Ne5 Bh7 8. Qf3 Nf6 9. Qb3 e6 10. Qxb7 Nbd7 11. Nxc6 Qc8 12. Ba6 Nb6 13. Qxc8+ Rxc8 14. Bxc8 Nxc8 15. d3 Bd6 16. Be3 a6 17. a3 Nd5 18. Bd4 0-0 19. Ne4 Bc7 20. b4 Re8 21. 0-0 e5 22. Bb2 Re6 23. Na5 Nf4 24. Rfe1 Rg6 25. Ng3 f6 26. d4 Bb6 27. Nc4 Ba7 28. Kf1 Rg4 29. Ne3 Rxh4 30. Rad1 e4 31. Kg1 Nd6 32. Ne2 Ne6 33. c4 Ng5 34. c5 Nf5 35. Nxf5 Bxf5 36. d5 Bg4 37. d6 Bb8 38. Bc1 Nf7 39. Rd4 f5 40. Bf4 g5 41. Bg3 Rh5 42. c6 f4 43. c7 1-0

[Event "Rheinland Pfalz op 7th"]
[Site "Frankenthal"]
[Date "2015.06.06"]
[Round "6"]
[White "Thumm, Niklas"]
[Black "Mueller, Erich2222"]
[Result "0-1"]
[WhiteElo "1587"]
[BlackElo "2116"]
[PlyCount "98"]
[EventDate "2015.06.04"]
[EventType "swiss"]
[EventRounds "7"]
[EventCountry "GER"]
[SourceTitle "EXT 2017"]
[Source "ChessBase"]
[SourceDate "2016.10.25"]
[SourceVersion "1"]
[SourceVersionDate "2016.10.25"]
[SourceQuality "1"]

1. e4 c5 2. Nf3 e6 3. d4 cxd4 4. Nxd4 Nf6 5. Nc3 Nc6 6. Be3 Bb4 7. Bd3 d5 8. f3 e5 9. Nxc6 bxc6 10. a3 Be7 11. exd5 cxd5 12. Bg5 d4 13. Ne4 Rb8 14. Rb1 Nd5 15. Bd2 0-0 16. c3 f5 17. Nf2 Kh8 18. 0-0 Bc5 19. Qe2 dxc3 20. bxc3 Rxb1 21. Bxb1 Qb6 22. Ba2 Ba6 23. Bc4 Bxc4 24. Qxc4 Rd8 25. Bg5 Rd6 26. Qa4 h6 27. Bh4 Kh7 28. Qe8 Re6 29. Qf7 Nf6 30. Kh1 Qb5 31. Re1 Re7 32. Qa2 g5 33. Qc2 e4 34. Bg3 f4 35. c4 Qe8 36. Nxe4 Nxe4 37. Rxe4 Rxe4 38. Be1 Kg7 39. Qxe4 Qxe4 40. fxe4 Bxa3 41. Bf2 a5 42. Bd4+ Kf7 43. Kg1 a4 44. Kf2 Bc1 45. Ke2 a3 46. Kd3 Bb2 47. Bxb2 axb2 48. Kc2 g4 49. c5 f3 0-1

[Event "GER-ch U25 op-B"]
[Site "Willingen"]
[Date "2015.05.30"]
[Round "9"]
[White "Thumm, Niklas"]
[Black "Grunert, Friedrich"]
[Result "1-0"]
[WhiteElo "1510"]
[BlackElo "1403"]
[PlyCount "103"]
[EventDate "2015.05.24"]
[EventType "swiss"]
[EventRounds "9"]
[EventCountry "GER"]
[SourceTitle "CBM 166 Extra"]
[Source "ChessBase"]
[SourceDate "2015.06.18"]
[SourceVersion "1"]
[SourceVersionDate "2015.06.18"]
[SourceQuality "1"]

1. e4 e6 2. d4 d5 3. Nd2 c5 4. c3 Nc6 5. Ngf3 Qb6 6. Bd3 cxd4 7. cxd4 Nxd4 8. Nxd4 Qxd4 9. Nf3 Qb6 10. 0-0 Nf6 11. e5 Nd7 12. Qa4 Bc5 13. a3 a6 14. Rb1 Qc6 15. Qg4 g6 16. Bh6 Qb6 17. b4 Be7 18. Rfe1 Bf8 19. Bd2 h5 20. Qh3 Be7 21. Rbc1 Nf8 22. Bg5 Bxg5 23. Nxg5 Nh7 24. Nf3 Bd7 25. Rc3 Bb5 26. Rec1 0-0 27. Bb1 Rfd8 28. Qg3 Nf8 29. Nh4 Be8 30. Qg5 Qd4 31. h3 a5 32. Rb3 Rac8 33. Re1 axb4 34. Nf3 Qa7 35. Rxb4 Qxa3 36. Rxb7 Rd7 37. Rxd7 Bxd7 38. Nh4 Qb4 39. Rf1 Nh7 40. Qg3 Rc3 41. f3 Bb5 42. Re1 d4 43. Nxg6 d3 44. Nf4+ Kf8 45. Qh4 Qc5+ 46. Kh2 Qa3 47. Qd8+ Kg7 48. Nxh5+ Kh6 49. Qg8 Kxh5 50. Qxh7+ Kg5 51. h4+ Kf4 52. Re4# 1-0

[Event "GER-ch U25 op-B"]
[Site "Willingen"]
[Date "2015.05.29"]
[Round "8"]
[White "Wachinger, Nikolas"]
[Black "Thumm, Niklas"]
[Result "1/2-1/2"]
[WhiteElo "1299"]
[BlackElo "1510"]
[PlyCount "46"]
[EventDate "2015.05.24"]
[EventType "swiss"]
[EventRounds "9"]
[EventCountry "GER"]
[SourceTitle "CBM 166 Extra"]
[Source "ChessBase"]
[SourceDate "2015.06.18"]
[SourceVersion "1"]
[SourceVersionDate "2015.06.18"]
[SourceQuality "1"]

1. e4 a6 2. d4 b5 3. a3 Bb7 4. Nc3 e6 5. Bd3 c5 6. Be3 c4 7. Be2 Nf6 8. f3 Be7 9. Nh3 0-0 10. Nf2 Qc7 11. Qd2 d6 12. 0-0 Rd8 13. Rfc1 Nbd7 14. b3 Nb6 15. a4 b4 16. Ncd1 c3 17. Qe1 Nfd7 18. Nd3 a5 19. Qg3 Nf8 20. N1f2 Nbd7 21. h4 Nf6 22. Ng4 Kh8 23. Nxf6 Bxf6 1/2-1/2

[Event "GER-ch U25 op-B"]
[Site "Willingen"]
[Date "2015.05.24"]
[Round "2"]
[White "Nimptsch, Nikolas"]
[Black "Thumm, Niklas"]
[Result "0-1"]
[WhiteElo "1302"]
[BlackElo "1510"]
[PlyCount "114"]
[EventDate "2015.05.24"]
[EventType "swiss"]
[EventRounds "9"]
[EventCountry "GER"]
[SourceTitle "CBM 166 Extra"]
[Source "ChessBase"]
[SourceDate "2015.06.18"]
[SourceVersion "1"]
[SourceVersionDate "2015.06.18"]
[SourceQuality "1"]

1. e4 e5 2. Nf3 Nc6 3. c3 Nf6 4. d4 exd4 5. cxd4 Nxe4 6. d5 Qe7 7. Be2 Nb4 8. 0-0 Qc5 9. Be3 Qxd5 10. Nbd2 Nxd2 11. Bxd2 Nc6 12. Re1 Be7 13. Qa4 0-0 14. Bc4 Qf5 15. Bb5 Bc5 16. Bxc6 dxc6 17. Re5 Qf6 18. Rxc5 Qxb2 19. Bc3 Qe2 20. Qd4 f6 21. a4 Qe8 22. Re1 Qg6 23. Nh4 Qf7 24. Bb4 Be6 25. Qe3 Rfe8 26. Rc2 Bb3 27. Qc1 Rxe1+ 28. Bxe1 Bxc2 29. Qxc2 Re8 30. Ba5 Qd5 31. Bd2 Qd4 32. Nf3 Qa1+ 33. Bc1 f5 34. h3 Re4 35. Qd2 Qf6 36. Bb2 Qe7 37. Bc3 Rxa4 38. Ng5 h6 39. Nf3 Re4 40. Nd4 Qf7 41. f3 Re8 42. Qf4 Qc4 43. Bd2 Rf8 44. Be3 c5 45. Qxc7 Qd3 46. Bf2 cxd4 47. Qxb7 Rf7 48. Qd5 Qb1+ 49. Kh2 d3 50. Be3 Qb8+ 51. Kg1 Qb1+ 52. Kf2 Qc2+ 53. Kg3 Qc7+ 54. Kf2 Qd7 55. Qa2 Kh7 56. Ke1 f4 57. Bf2 Re7+ 0-1

[Event "Magdeburg op-B"]
[Site "Magdeburg"]
[Date "2014.06.14"]
[Round "9"]
[White "Thumm, Niklas"]
[Black "Gutschenreiter, Donato"]
[Result "0-1"]
[WhiteElo "1521"]
[BlackElo "1362"]
[PlyCount "128"]
[EventDate "2014.06.08"]
[EventType "swiss"]
[EventRounds "9"]
[EventCountry "GER"]
[SourceTitle "CBM 160 Extra"]
[Source "ChessBase"]
[SourceDate "2014.07.01"]
[SourceVersion "1"]
[SourceVersionDate "2014.07.01"]
[SourceQuality "1"]

1. e4 e6 2. d4 d5 3. Nd2 Nf6 4. e5 Nfd7 5. c3 c5 6. Bd3 Nc6 7. Ngf3 Qb6 8. 0-0 cxd4 9. cxd4 Nxd4 10. Nxd4 Qxd4 11. Nf3 Qb6 12. Qc2 h6 13. Be3 Bc5 14. Bxc5 Qxc5 15. Rac1 Qxc2 16. Rxc2 0-0 17. Rfc1 a6 18. a4 Re8 19. a5 f6 20. exf6 gxf6 21. Bg6 Rd8 22. Nd4 Nf8 23. Bh5 e5 24. Nb3 Bd7 25. Nc5 Bc6 26. Bg4 d4 27. f3 Rd6 28. Bf5 Rb8 29. Nxa6 bxa6 30. Rxc6 Rxc6 31. Rxc6 Rxb2 32. Rxa6 Ra2 33. Rxf6 Rxa5 34. Rxh6 Ra3 35. Rd6 Kf7 36. h4 Ke7 37. Rd5 Kf6 38. Be4 Ne6 39. h5 Nf4 40. Rd6+ Ke7 41. h6 Kxd6 42. h7 Ng6 43. Bxg6 Ra8 44. g4 Ke6 45. g5 Rh8 46. Bd3 Kf7 47. Bc4+ Kg7 48. Bd3 Rc8 49. Kf2 Rh8 50. Ke2 Rxh7 51. Bxh7 Kxh7 52. Kd3 Kg6 53. f4 exf4 54. Kxd4 Kxg5 55. Kd3 Kg4 56. Ke2 Kg3 57. Kf1 Kf3 58. Kg1 Ke2 59. Kh1 f3 60. Kh2 f2 61. Kh1 f1Q+ 62. Kh2 Qf8 63. Kg3 Qf3+ 64. Kh2 Qg4 0-1

[Event "Rheinland Pfalz op 5th"]
[Site "Worms"]
[Date "2013.06.02"]
[Round "7"]
[White "Bloch, Colin"]
[Black "Thumm, Niklas"]
[Result "0-1"]
[WhiteElo "1321"]
[BlackElo "1330"]
[PlyCount "120"]
[EventDate "2013.05.30"]
[EventType "swiss"]
[EventRounds "7"]
[EventCountry "GER"]
[SourceTitle "EXT 2014"]
[Source "ChessBase"]
[SourceDate "2013.11.20"]
[SourceVersion "1"]
[SourceVersionDate "2013.11.20"]
[SourceQuality "1"]

1. e4 e5 2. Nf3 Nc6 3. Bc4 Bc5 4. c3 Nf6 5. d4 exd4 6. cxd4 Bb4+ 7. Bd2 Bxd2+ 8. Nbxd2 0-0 9. d5 Ne7 10. 0-0 d6 11. Re1 Re8 12. Nf1 Ng6 13. Ng3 Re7 14. Nd4 Ne5 15. Bb5 Bd7 16. Bxd7 Nfxd7 17. Ndf5 Re8 18. f4 Nc4 19. b3 Na3 20. Qg4 g6 21. Rac1 Kf8 22. Nd4 Nc5 23. b4 Nd3 24. Rc3 Nxe1 25. Rxa3 Qf6 26. Qd1 h5 27. Nb5 a6 28. Nc3 Nxg2 29. Kxg2 Qxf4 30. Qf3 Qg5 31. Kf2 Qh4 32. Kg2 Qg5 33. Kf2 c6 34. Qe3 Qf6+ 35. Qf3 Qd4+ 36. Qe3 Qg7 37. Qf4 Rad8 38. dxc6 bxc6 39. Nce2 Re6 40. Ke1 Qa1+ 41. Qc1 Qe5 42. Qxc6 d5 43. Qc5+ Kg8 44. Re3 Qa1+ 45. Qc1 Qxa2 46. exd5 Qxd5 47. Rxe6 Qxe6 48. Nxh5 Qb3 49. Nhg3 Qxb4+ 50. Kf2 a5 51. Nf5 Qb6+ 52. Ne3 Qf6+ 53. Kg2 Qg5+ 54. Kf2 a4 55. Qa3 Qb5 56. Ke1 Rd3 57. Qc1 a3 58. Nf4 Qb4+ 59. Ke2 Qb2+ 60. Qc2 Rxe3+ 0-1

[Event "Rheinland Pfalz op 5th"]
[Site "Worms"]
[Date "2013.06.01"]
[Round "6"]
[White "Thumm, Niklas"]
[Black "Roeder, Andreas"]
[Result "0-1"]
[WhiteElo "1330"]
[BlackElo "1588"]
[PlyCount "110"]
[EventDate "2013.05.30"]
[EventType "swiss"]
[EventRounds "7"]
[EventCountry "GER"]
[SourceTitle "EXT 2014"]
[Source "ChessBase"]
[SourceDate "2013.11.20"]
[SourceVersion "1"]
[SourceVersionDate "2013.11.20"]
[SourceQuality "1"]

1. e4 e5 2. Nf3 Nc6 3. Bc4 Nd4 4. Nxe5 Qg5 5. Nxf7 Qxg2 6. d3 Qxh1+ 7. Kd2 Qxh2 8. Qf1 Nh6 9. Nxh8 b5 10. Bb3 a5 11. a3 Nxb3+ 12. cxb3 Bc5 13. Ke1 Ng4 14. Be3 Qe5 15. Qe2 Nxe3 16. fxe3 Qg3+ 17. Kd2 Qg5 18. Nc3 Bb7 19. Rf1 b4 20. Nb5 Bxe3+ 21. Qxe3 Qxb5 22. Qf4 0-0-0 23. Nf7 Re8 24. a4 Qb6 25. Rc1 Bc6 26. Ne5 Re6 27. Nc4 Qd4 28. Qf8+ Kb7 29. Nxa5+ Ka7 30. Qf4 Qd6 31. Qf2+ Kb8 32. Nc4 Qe7 33. a5 Bb5 34. Nb6 cxb6 35. axb6 Rc6 36. Rxc6 dxc6 37. Qg1 Qe5 38. Kc2 g5 39. Qf2 Qe7 40. Qd4 Kb7 41. e5 c5 42. Qd5+ Bc6 43. Qc4 Kxb6 44. d4 cxd4 45. Qxd4+ Qc5+ 46. Kd3 Qxd4+ 47. Kxd4 g4 48. e6 g3 49. Ke3 h5 50. e7 h4 51. e8Q Bxe8 52. Kf3 Bc6+ 53. Kg4 g2 54. Kh3 g1Q 55. Kxh4 Bf3 0-1

[Event "Rheinland Pfalz op 5th"]
[Site "Worms"]
[Date "2013.05.31"]
[Round "3"]
[White "Kinnert, Dieter"]
[Black "Thumm, Niklas"]
[Result "0-1"]
[WhiteElo "1726"]
[BlackElo "1330"]
[PlyCount "64"]
[EventDate "2013.05.30"]
[EventType "swiss"]
[EventRounds "7"]
[EventCountry "GER"]
[SourceTitle "EXT 2014"]
[Source "ChessBase"]
[SourceDate "2013.11.20"]
[SourceVersion "1"]
[SourceVersionDate "2013.11.20"]
[SourceQuality "1"]

1. e4 e5 2. Nf3 Nc6 3. Bb5 Bc5 4. 0-0 Nf6 5. Nc3 d6 6. h3 0-0 7. Na4 Nxe4 8. d3 Bxf2+ 9. Rxf2 Nxf2 10. Kxf2 Nd4 11. Nc3 b6 12. Bg5 f6 13. Bc4+ Kh8 14. Be3 c5 15. Bd5 Rb8 16. Kg1 Qe8 17. Ne4 Nf5 18. Bf2 Bb7 19. Bxb7 Rxb7 20. g4 d5 21. Nxc5 bxc5 22. gxf5 Rxb2 23. Bxc5 Rf7 24. Nd2 Rc7 25. Nb3 e4 26. Qc1 Qe5 27. d4 Qg3+ 28. Kh1 Qxh3+ 29. Kg1 Qg3+ 30. Kh1 Qc3 31. Bb4 Qh3+ 32. Kg1 Rbxc2 0-1

[Event "Rheinland Pfalz op 5th"]
[Site "Worms"]
[Date "2013.05.30"]
[Round "2"]
[White "Thumm, Niklas"]
[Black "Kantans, Toms"]
[Result "0-1"]
[WhiteElo "1330"]
[BlackElo "2314"]
[PlyCount "62"]
[EventDate "2013.05.30"]
[EventType "swiss"]
[EventRounds "7"]
[EventCountry "GER"]
[SourceTitle "EXT 2014"]
[Source "ChessBase"]
[SourceDate "2013.11.20"]
[SourceVersion "1"]
[SourceVersionDate "2013.11.20"]
[SourceQuality "1"]

1. e4 c5 2. f4 Nc6 3. Nf3 Nf6 4. Nc3 e6 5. d3 d6 6. Be2 Be7 7. Be3 0-0 8. Qd2 b6 9. 0-0-0 d5 10. exd5 exd5 11. d4 c4 12. Ne5 Qc7 13. Bf3 Bb4 14. h4 b5 15. g4 Nxe5 16. fxe5 Nxg4 17. Bxd5 Rb8 18. Rdg1 Qa5 19. Bf4 Bf5 20. e6 fxe6 21. Bxb8 exd5 22. Be5 Bxc3 23. Qxc3 b4 24. Qe3 Qxa2 25. Qg5 g6 26. Qe7 Nxe5 27. Qxe5 c3 28. Kd1 Qb1+ 29. Ke2 Qxc2+ 30. Kf3 Bd7+ 31. Kg3 Qf2# 0-1

[Event "GER-ch U25 op-B"]
[Site "Oberhof"]
[Date "2012.05.30"]
[Round "6"]
[White "Neumann, Tiemon"]
[Black "Thumm, Niklas"]
[Result "1/2-1/2"]
[WhiteElo "1382"]
[BlackElo "1183"]
[PlyCount "104"]
[EventDate "2012.05.27"]
[EventType "swiss"]
[EventRounds "9"]
[EventCountry "GER"]
[SourceTitle "CBM 148 Extra"]
[Source "ChessBase"]
[SourceDate "2012.06.22"]
[SourceVersion "1"]
[SourceVersionDate "2012.06.22"]
[SourceQuality "1"]

1. e4 e5 2. Nf3 Nc6 3. Nc3 Nf6 4. d4 exd4 5. Nxd4 Bb4 6. Nxc6 bxc6 7. Bd3 d5 8. exd5 cxd5 9. 0-0 0-0 10. Bg5 c6 11. Qf3 Be7 12. Rfe1 Re8 13. Qe3 Be6 14. Na4 Ng4 15. Bxe7 Qxe7 16. Qh3 g6 17. Qg3 Qb4 18. b3 d4 19. h3 Bxb3 20. Rxe8+ Rxe8 21. cxb3 Re1+ 22. Rxe1 Qxe1+ 23. Bf1 Nf6 24. Nc5 Nd5 25. Nd7 Qe8 26. Qd6 Kg7 27. Qe5+ Qxe5 28. Nxe5 c5 29. Bc4 Kf6 30. Nc6 Nb6 31. Nxa7 Nxc4 32. bxc4 Ke5 33. Kf1 d3 34. Ke1 Kd4 35. Kd2 Kxc4 36. Nc6 Kd5 37. Kxd3 Kxc6 38. Kc4 f5 39. a4 Kb6 40. f4 h6 41. g4 fxg4 42. hxg4 h5 43. f5 gxf5 44. gxf5 h4 45. f6 h3 46. f7 h2 47. f8Q h1Q 48. Qxc5+ Kb7 49. Qe7+ Kb6 50. Qd8+ Ka7 51. Qa5+ Kb7 52. Qb5+ Ka7 1/2-1/2

[Event "GER-chB U25"]
[Site "Oberhof"]
[Date "2011.06.12"]
[Round "1"]
[White "Thumm, Niklas"]
[Black "Oberhofer, Cedric"]
[Result "0-1"]
[WhiteElo "1016"]
[BlackElo "1409"]
[PlyCount "80"]
[EventDate "2011.06.11"]
[EventType "swiss"]
[EventRounds "9"]
[EventCountry "GER"]
[SourceTitle "CBM 142 Extra"]
[Source "ChessBase"]
[SourceDate "2011.06.27"]
[SourceVersion "1"]
[SourceVersionDate "2011.06.27"]
[SourceQuality "1"]

1. e4 c5 2. Nc3 Nc6 3. Nf3 d6 4. Bb5 Bd7 5. d3 a6 6. Ba4 b5 7. Bb3 Nf6 8. Ng5 e6 9. 0-0 h6 10. Nf3 Be7 11. Bf4 0-0 12. a4 b4 13. Ne2 Na5 14. c3 Nxb3 15. Qxb3 bxc3 16. bxc3 Rb8 17. Qc4 Qb6 18. Rab1 Qxb1 19. Rxb1 Rxb1+ 20. Nc1 Ra1 21. Qxa6 Rxa4 22. Qb7 Raa8 23. h3 Rab8 24. Qc7 Rfc8 25. Qa5 Rb1 26. e5 dxe5 27. Nxe5 Nd5 28. Bd2 Nf6 29. Qa7 Rd8 30. Nc6 Bxc6 31. Qxe7 Rxd3 32. Bf4 Rxc1+ 33. Bxc1 Rd1+ 34. Kh2 Rxc1 35. Qxc5 Bd5 36. Qa3 Rc2 37. Qc5 Ne4 38. Qc8+ Kh7 39. Qd7 Rxf2 40. c4 Rxg2+ 0-1